| 000 | 00605nam a22001937a 4500 | ||
|---|---|---|---|
| 003 | OSt | ||
| 005 | 20190417020046.0 | ||
| 008 | 160905b xxu||||| |||| 00| 0 eng d | ||
| 020 | _a023751186 | ||
| 050 |
_aPL 8704 _b.K8R6 |
||
| 100 | _aRobert, Shaaban | ||
| 245 |
_aKusadikika: _bnchi iliyo angani/ _cShaaban Robert, Illustrated by Ruth Yudelowitz |
||
| 260 |
_aNairobi : _bEvans ; _c2004. |
||
| 300 |
_a67 p. : _b ill. |
||
| 440 |
_aDiwani ya Shaaban _p2 |
||
| 650 |
_aFiction _xSwahili |
||
| 700 |
_aYudelowitz, Ruth _eillustrator |
||
| 942 |
_2lcc _cAFRICANA _hPL 8704 .K8R6 2011 _049 |
||
| 999 |
_c13739 _d13739 |
||